000 00368nam a2200145Ia 4500
008 230312s9999||||xx |||||||||||||| ||und||
020 _a9789698455484
082 _a891.4
_bSHA-N
100 _aشاہد شیدائی ، عابد خورشید
245 0 _aنئےمکالمات
260 _bJamhori
_apak
_c2010
300 _a200
650 _aLiterature
942 _cBK
999 _c14988
_d14988